书目信息 |
| 题名: |
文学概论
|
|
| 作者: | ;上海师范大学中文系文艺理论教研室 编 | |
| 分册: | ||
| 出版信息: | 上海 上海师范大学 1978 |
|
| 页数: | 243页 | |
| 开本: | 19cm | |
| 丛书名: | ||
| 单 册: | ||
| 中图分类: | I02 | |
| 科图分类: | ||
| 主题词: | 文学理论--基本问题 , 文学理论--概论--教材 | |
| 电子资源: | ||
| ISBN: | ||
| 000 | 00863nam0 2200265 45 | |
| 001 | 0181005632 | |
| 005 | 20060429144336.89 | |
| 010 | @dCNY0.40 | |
| 100 | @a19950207d1978 em y0chiy0121 ea | |
| 101 | 0 | @achi |
| 102 | @aCN@b510000 | |
| 102 | @aCN | |
| 102 | @aCN@b310000 | |
| 105 | @ay z 000yy | |
| 200 | 10 | @a文学概论@Awen xue gai lun@f上海师范大学中文系文艺理论教研室等编@Fshang hai shi fan da xue zhong wen xi wen yi li lun jiao yan shi deng bian |
| 210 | @a上海@c上海师范大学@d1978 | |
| 215 | @a243页@d19cm | |
| 300 | @a中学教师进修教材 | |
| 606 | 0 | @a文学理论@x基本问题 |
| 606 | @a文学理论@x概论@x教材 | |
| 690 | @aI02@v4 | |
| 711 | 0 | @a上海师范大学中文系文艺理论教研室@Ashang hai shi fan da xue zhong wen xi wen yi li lun jiao yan shi@4编 |
| 801 | 2 | @aCN@bNLC@c20060429 |
| 801 | 0 | @aCN@b上海图书馆@c20040424 |
| 905 | @f1@b4952@dI02@e2 | |
| 文学概论/上海师范大学中文系文艺理论教研室等编.-上海:上海师范大学,1978 |
| 243页;19cm |
| 中学教师进修教材 |
| ISBN :CNY0.40 |
| ● |
| 相关链接 |
|
|
|
|
正题名:文学概论
索取号:I02/2
 
预约/预借
| 序号 | 登录号 | 条形码 | 馆藏地/架位号 | 状态 | 备注 |
| 1 | 0004952 | 000832709 | 密集书库/ [索取号:I02/2] | 在馆 | |
| 2 | 0004953 | 202304586 | 密集书库/ [索取号:I02/2] | 在馆 |